000 00482nam a2200181Ia 4500
005 20250423095256.0
008 250422s9999 xx 000 0 und d
020 _a9780139239700
050 _aTK 146 .K43/
100 _aKerns, David V., Jr.
245 0 _aEssentials of electrical and computer engineering
260 _aUpper saddle River
260 _bPearson
260 _c2004
300 _a660 p
650 _aElectrical engineering. Computer engineering.
942 _cBK
999 _c29777
_d29777